| 000 | 00544nam a2200193Ia 4500 | ||
|---|---|---|---|
| 001 | 12721 | ||
| 003 | IN-NITTTR | ||
| 005 | 20251114233119.0 | ||
| 008 | 251113s9999||||xx |||||||||||||| ||eng|| | ||
| 040 | _beng | ||
| 040 | _cIN-NITTTR | ||
| 041 | _aeng | ||
| 082 | _a670.427 R282E | ||
| 100 | _aRembold, Ulrich | ||
| 245 | 0 |
_aInterface technology for computer- controlled manufacturing processes. / _cRembold, Ulrich, Armbruster, Karl, Ulzmann, Wolfgang |
|
| 700 | _a Armbruster, Karl | ||
| 700 | _a Ulzmann, Wolfgang | ||
| 942 |
_2ddc _cBK |
||
| 999 |
_c15357 _d15357 |
||